000 00342nam a22001337a 4500
020 _a978-93-83876-47-1
082 _a823
_bSEB/C
100 _aSEBASTIAN, B O
245 _aTHE CRAB AND THE FOOLISH CROCODILE
_bMORAL STORIES
260 _aTHRISSUR
_bH & C PUBLISHING HOUSE
300 _a16
650 _aCHILDRENS STORY BOOK
_zINDIA
942 _cBK
999 _c7046
_d7046